| 000 | 01013nam a2200301Ia 4500 | ||
|---|---|---|---|
| 003 | OSt | ||
| 005 | 20221006155811.0 | ||
| 006 | a|||||r|||| 00| 0 | ||
| 007 | ta | ||
| 008 | 221006b |||||||| |||| 00| 0 eng d | ||
| 020 |
_a9780824817527 _c _17.00 |
||
| 024 | _a43,531 | ||
| 037 |
_b168/2012-13, 15/03/2013, Pioneer Book Distributor _cTextual |
||
| 040 |
_aEASL _cEASL _beng |
||
| 041 |
_2eng _aeng |
||
| 082 | _aQ4v, N5 | ||
| 100 |
_aAbe Masao _9592168 |
||
| 245 | 0 |
_aBuddhism and interfaith dialogue _b Part one of a two-volume sequel oto Zen and western thought |
|
| 260 |
_aHonolulu _bUniversity of Hawaii Press _c1995 |
||
| 300 |
_a265p. _ccm. |
||
| 650 |
_a Buddhism - Doctrines _9667478 |
||
| 650 |
_a Buddhism and Philosophy _9670442 |
||
| 650 | _a Gen | ||
| 650 |
_aBuddhism - relations _9670443 |
||
| 700 |
_a Heine Steven Ed. _928172 |
||
| 942 |
_hQ4v, N5 _cTEXL _2CC |
||
| 999 |
_c1111617 _d1111617 |
||